| 000 | 00494nam a2200181Ia 4500 | ||
|---|---|---|---|
| 003 | IN-BaIIA | ||
| 008 | 211028s9999 xx 000 0 eng d | ||
| 040 | _cIIA Library | ||
| 080 |
_a658.31 _bMUT |
||
| 100 |
_aMuthuswamy, P _97319 |
||
| 245 | 0 |
_aStandardised ready reckoner pay table _cP. Muthuswamy |
|
| 250 | _a4th ed. | ||
| 260 |
_aMadras _bSwamy Publishers _c1974 |
||
| 300 | _axv, 280p. | ||
| 650 |
_a Central Government Rules _98038 |
||
| 650 |
_aOthers Thesaurus _98039 |
||
| 942 | _cBK | ||
| 999 |
_c4570 _d4570 |
||